00678nam a2200193Ia 4500008004100000020001500041082001500056100002200071245007300093260002800166300001100194500002400205650001600229700001300245942000700258952010200265952010200367999001500469230524s9999 xx 000 0 und d a8137194211 a510.5bVEN aT.N.Venkataramana 0a"Cohomology of Arithmatic Groups, L-Functions and Automorphic Forms" aNEW DELHIbNarosac2001 aVI;251 aQuantity Number: 2 aMathematics a",,,0/," cBK 00104070aTATCLbTATCLcGENd2023-05-24l0o510.5 VENp6614r2023-05-24w2023-05-24yBKzBS1101 00104070aTATCLbTATCLcGENd2023-05-24l0o510.5 VENp6615r2023-05-24w2023-05-24yBKzBS1101 c5104d5104